000
00258nam a2200097Ia 4500
008
240331s9999 xx 000 0 und d
082
_a
303.6
_b
MAS
100
_a
Stiglmayer, A. ed
245
0
_a
Mass rape :
_b
the war against women in Bosnia-Herzegovina
942
_c
L
999
_c
1259
_d
1259